Pontmain (Francia), Beauraing y Banneux (Bélgica), Akita (Japón), Finca Betania (Venezuela) : últimas apariciones de la Virgen aprobadas por la autoridad eclesiástica, además de Fátima /

שמור ב:
מידע ביבליוגרפי
מחבר ראשי: Urrutia, José Luis de (autor)
פורמט: ספר
שפה:ספרדית
יצא לאור: Madrid, España : Secretariado Reina del Cielo [distribución], fecha no identificada
תגים: הוספת תג
אין תגיות, היה/י הראשונ/ה לתייג את הרשומה!

MARC

LEADER 00000nam^a2200000^a^4500
001 000578162
005 20250521000000.0
009 20260310132504.073
037 |a Acervo Xavier Clavigero 
041 |a ESP 
091 |a FIP. 01100 
100 |a Urrutia, José Luis de  |e (autor) 
245 1 0 |a Pontmain (Francia), Beauraing y Banneux (Bélgica), Akita (Japón), Finca Betania (Venezuela) :  |b últimas apariciones de la Virgen aprobadas por la autoridad eclesiástica, además de Fátima / 
264 1 |a Madrid, España :  |b Secretariado Reina del Cielo [distribución],  |c fecha no identificada 
300 |a 32 p. 
336 |a texto  |b txt  |2 rdacontenido 
337 |a sin mediación  |b n  |2 rdamedio 
338 |a volumen  |b nc  |2 rdasoporte 
649 |a XX 
910 |a Fondo Manuel Ignacio Pérez Alonso S.J. 
920 |a Impresos - Libros 
930 |a Fondos Especiales 
905 |a 140 
901 |a 0500405390  |b IT2  |c ESP  |i D  |u 20250521 
902 |a https://opac.biblio.iteso.mx/vufind/Record/000578162